| 000 | 01259cam a2200313 a 4500 | ||
|---|---|---|---|
| 999 |
_c129620 _d129620 |
||
| 001 | 3016632 | ||
| 003 | ARRUPE | ||
| 005 | 20190521121111.0 | ||
| 008 | 941123s1995 enk b 001 0 eng | ||
| 010 | _a 94042267 | ||
| 020 | _a052149639X (hardback) | ||
| 040 |
_aDLC _cDLC _dDLC |
||
| 050 | 0 | 0 |
_aBJ1275 _b.G35 1995 |
| 082 | 0 | 0 |
_a241/.622 _220 |
| 100 | 1 |
_aGardner, E. Clinton _q(Edward Clinton), _d1920- _946449 |
|
| 245 | 1 | 0 |
_aJustice and Christian ethics / _cE. Clinton Gardner. |
| 260 |
_aCambridge ; _aNew York : _bCambridge University Press, _c1995. |
||
| 300 |
_axiv, 179 p. ; _c23 cm. |
||
| 440 | 0 |
_aNew studies in Christian ethics _920820 |
|
| 504 | _aIncludes bibliographical references (p. 170-176) and index. | ||
| 650 | 0 |
_aChristian ethics. _946450 |
|
| 650 | 0 |
_aJustice. _946451 |
|
| 856 | 4 | 2 |
_3Publisher description _uhttp://www.loc.gov/catdir/description/cam026/94042267.html |
| 856 | 4 | 1 |
_3Table of contents _uhttp://www.loc.gov/catdir/toc/cam024/94042267.html |
| 906 |
_a7 _bcbc _corignew _d1 _eocip _f19 _gy-gencatlg |
||
| 942 |
_2lcc _cMONOGRAPH |
||